Satanovi koně /
Historický román zkušeného prozaika Zdeňka Pošívala se odehrává na Pelhřimovsku roku 1671. Na Bukovské tvrzi náhle uhyne stádo ušlechtilých koní a jejich hlídač je nalezen s ustřelenou hlavou. Záhadná událost otřese životem bukovského zemana i jeho rodiny a spustí pátrání po příčině neštěstí i po vi...
Uloženo v:
| Série: | Jožík Bukovský,
část 1 |
|---|---|
| Hlavní autor: | |
| Médium: | E-kniha |
| Jazyk: | Czech |
| Vydáno: |
Praha :
Nakladatelství Epocha s.r.o.,
2026
|
| Příbuzné jednotky: | Z cyklu::
Jožík Bukovský |
| Tagy: |
Žádné tagy |
| LEADER | 02014nam a22002417i 4500 | ||
|---|---|---|---|
| 001 | 302430 | ||
| 007 | ta | ||
| 008 | 260512s2026 xr ||||| |||| 00| 0 cze d | ||
| 020 | |a 9788027802821 | ||
| 044 | |a xr | ||
| 100 | 1 | |a Pošíval, Zdeněk |4 aut | |
| 245 | 1 | 0 | |a Satanovi koně / |c Pošíval, Zdeněk |
| 264 | 1 | |a Praha : |b Nakladatelství Epocha s.r.o., |c 2026 | |
| 300 | |a 1 online zdroj (432 stran) | ||
| 336 | |a text |b txt |2 rdacontent | ||
| 337 | |a bez média |b n |2 rdamedia | ||
| 338 | |a online zdroj |b cr |2 rdacarrier | ||
| 520 | 2 | |a Historický román zkušeného prozaika Zdeňka Pošívala se odehrává na Pelhřimovsku roku 1671. Na Bukovské tvrzi náhle uhyne stádo ušlechtilých koní a jejich hlídač je nalezen s ustřelenou hlavou. Záhadná událost otřese životem bukovského zemana i jeho rodiny a spustí pátrání po příčině neštěstí i po viníkovi. Do hledání pravdy se zapojuje také zemanský syn Jožík, hlavní hrdina i vypravěč příběhu, který krok za krokem odkrývá tajemství minulosti a odhalí i záhadného satana. Proč mu byla určena krvavá oběť a kdo ji vykonal? Autor sugestivně vykresluje dobovou atmosféru a rozehrává dramatický příběh plný lásky, hříchu, chamtivosti i násilí. Neusiluje o historickou dějepravu, ale především o nadčasovou paralelu, připomínající, že svět se proměňuje, zatímco lidská povaha přetrvává. Mistrně psaný historický detektivní příběh bez zbytečných romantických příkras. | |
| 787 | 0 | 8 | |g 1 |i Z cyklu: |t Jožík Bukovský |
| 910 | |a RBIT002 | ||
| 998 | |d 426831 |a https://core.palmknihy.cz/api/books/426831/cover?teo8or |b https://core.palmknihy.cz/api/books/426831/cover/400?teo8or |c https://core.palmknihy.cz/api/books/426831/cover/50?teo8or |e 2031-05-07 |g 432 |i 9788027802821 |j https://core.palmknihy.cz/api/books/426831/preview.epub |k https://core.palmknihy.cz/api/books/426831/preview.pdf |l |q 49 |r 1 |s https://www.palmknihy.cz/kniha/426831 |t ebook |y 2026 |z 1 |v Jožík Bukovský |w 1 | ||
| 999 | |d 302428 | ||